| 000 | 00969nam a2200229 i 4500 | ||
|---|---|---|---|
| 001 | 17062 | ||
| 003 | ES-MaACL | ||
| 005 | 20230906151508.0 | ||
| 007 | t| | ||
| 008 | 001218s1991 fr ||||1| fre d | ||
| 020 | _a2-07-011018-4 | ||
| 080 | _a821.133.1-31"19" | ||
| 100 | 1 |
_aYourcenar, Marguerite. _9117708 |
|
| 245 | 1 | 0 |
_aOeuvres romanesques / _cMarguerite Yourcenar. |
| 260 |
_aParis : _bGallimard, _c[1991] |
||
| 300 |
_aXXXVIII, 1363 p. ; _c18 cm. |
||
| 490 | 1 | _aBibliothèque de la Pléiade | |
| 505 | 8 | _aContiene: Alexis ou le traité du vain combat ; Le coup de grâce ; Denier du rêve ; Mémoires d'Hadrien ; Carnets de notes de Mémoires de'Hadrien ; L'oeuvre au noir ; Carnets de notes de L'oeuvre au noir ; Anna, soror... ; Un homme obscour-Une belle matinée ; Feux ; Nouvelles orientales ; Supplément: La nouvelle Eurydice | |
| 830 | 0 |
_aBibliothèque de la Pléiade _9180233 |
|
| 852 |
_aES-MaACL _jL-24072 _bR.129197 |
||
| 999 |
_c17062 _d17062 |
||